Operations Management Strategy and Analysis

Na minha lista:
Detalhes bibliográficos
Autor principal: Krajewski, Lee J.
Outros Autores: Ritzman, Larry P.
Formato: Livro
Idioma:inglês
Publicado em: Reading Addison-Wesley Publ. Co. 1990
Edição:2. ed.
Assuntos:
Tags: Adicionar Tag
Sem tags, seja o primeiro a adicionar uma tag!

MARC

LEADER 00000nam a2200000 4500
001 c012921
005 20221206122623.1
041 0 |a eng 
044 |a US 
245 1 0 |a Operations Management  |b Strategy and Analysis  |c Lee J. Krajewski, Larry P. Ritzman 
250 |a 2. ed. 
264 1 |a Reading  |b Addison-Wesley Publ. Co.  |c 1990 
300 |a 871 s. 
610 2 0 |a riadenie výroby 
610 2 0 |a stratégia podniková 
610 2 0 |a analýza procesov výrobných 
610 2 0 |a proces výrobný 
610 2 0 |a postupy pracovné 
610 2 0 |a rozhodovanie 
610 2 0 |a plánovanie výroby 
610 2 0 |a riadenie kvality 
610 2 0 |a technológie nové 
610 2 0 |a meranie práce 
610 2 0 |a rozbory činnosti hospodárskej 
610 2 0 |a programovanie lineárne 
100 1 |a Krajewski, Lee J. 
700 1 |a Ritzman, Larry P.